000 00492cam a2200157 a 4500
082 0 0 _a363.7
_bELN
_cD
245 0 4 _aThe El NiƱo phenomenon.
260 _aNairobi, Kenya :
_bUnited Nations Environment Programme,
_cc1992.
300 _a36 p. :
_bill. (some col.), col. maps ;
_c26 cm.
500 _aCover title.
526 _a0
_b0
_c0
_d363_700000000000000_ELN
650 0 _aClimatic changes.
650 0 _aMCE
_9379
710 2 _aUnited Nations Environment Programme.
_96136
942 _2ddc
_cBK
999 _c542780
_d542780